000 00513nam a2200193Ia 4500
003 GCL
005 20240530100752.0
008 140319s9999 xx 000 0 eng d
040 _aGCL /
_cGCL
082 0 4 _a738.2
_bP P
100 1 _aPERRAT, ANNICKE
245 1 0 _aPAINTING ON PORCELAIN : TRADITIONAL AND CONTEMPORARY DESIGNS /
_cPERRAT, ANNICKE
260 _a[S.N] :
_bSEARCH PRESS UNITED ،
_c1993
300 _a96 P
650 0 4 _aPAINTING
650 0 4 _aPOTTERY
650 0 4 _aPORCELAIN
942 _2ddc
_cBK
999 _c20688
_d20688